000 00575cam a2200193 4500500
005 20260405000323.0
041 _afre
042 _adc
100 1 0 _aLaignel-Lavastine, Alexandra
_eauthor
245 0 0 _aL’inquiétant pouvoir des clichés
260 _c2006.
500 _a23
690 _aHaine
690 _aImage
690 _aIslam
690 _aOccident
786 0 _nPhilosophie magazine | 4 | 10-11 | 2006-11-01 | p. 14-14 | 1951-1787
856 4 1 _uhttps://shs.cairn.info/magazine-philosophie-magazine-2006-10-11-page-14?lang=fr&redirect-ssocas=7080
999 _c2035914
_d2035914